The campaign in Greece and Crete. (Record no. 120459)
[ view plain ]
| 000 -LEADER | |
|---|---|
| fixed length control field | 01136cam a22003131 4500 |
| 001 - CONTROL NUMBER | |
| control field | 8794805 |
| 003 - CONTROL NUMBER IDENTIFIER | |
| control field | ARRUPE |
| 005 - DATE AND TIME OF LATEST TRANSACTION | |
| control field | 20140505143837.0 |
| 008 - FIXED-LENGTH DATA ELEMENTS--GENERAL INFORMATION | |
| fixed length control field | 750702s1942 xx 000 0 eng |
| 010 ## - LIBRARY OF CONGRESS CONTROL NUMBER | |
| LC control number | 43001896 |
| 035 ## - SYSTEM CONTROL NUMBER | |
| System control number | (OCoLC)1427733 |
| 040 ## - CATALOGING SOURCE | |
| Original cataloging agency | DLC |
| Transcribing agency | GU |
| Modifying agency | DLC |
| 042 ## - AUTHENTICATION CODE | |
| Authentication code | premarc |
| 050 00 - LIBRARY OF CONGRESS CALL NUMBER | |
| Classification number | D766.3 |
| Item number | .G7 1942 |
| 082 ## - DEWEY DECIMAL CLASSIFICATION NUMBER | |
| Classification number | 940.542 |
| 300 ## - PHYSICAL DESCRIPTION | |
| Other physical details | illus. (maps) |
| Dimensions | 19cm. |
| 100 ## - MAIN ENTRY--PERSONAL NAME | |
| Personal name | Garnett, David |
| 9 (RLIN) | 10071 |
| 110 1# - MAIN ENTRY--CORPORATE NAME | |
| Corporate name or jurisdiction name as entry element | Great Britain. |
| Subordinate unit | War Office. |
| 9 (RLIN) | 10072 |
| 245 14 - TITLE STATEMENT | |
| Title | The campaign in Greece and Crete. |
| Statement of responsibility, etc | Issued for the War office by the Ministry of Information ... |
| 260 ## - PUBLICATION, DISTRIBUTION, ETC. (IMPRINT) | |
| Place of publication, distribution, etc | London, |
| Name of publisher, distributor, etc | H.M. Stationery Off., |
| Date of publication, distribution, etc | 1942. |
| 300 ## - PHYSICAL DESCRIPTION | |
| Extent | 64 p. |
| 490 0# - SERIES STATEMENT | |
| Series statement | The Army at war |
| 500 ## - GENERAL NOTE | |
| General note | "The story of the campaign up to the evacuation of the Greek mainland is by David Garnett." -- p. [2]. |
| 650 #0 - SUBJECT ADDED ENTRY--TOPICAL TERM | |
| Topical term or geographic name as entry element | World War, 1939-1945 |
| General subdivision | Campaigns |
| Geographic subdivision | Greece. |
| 9 (RLIN) | 10073 |
| 650 #0 - SUBJECT ADDED ENTRY--TOPICAL TERM | |
| Topical term or geographic name as entry element | World War, 1939-1945 |
| General subdivision | Campaigns |
| Geographic subdivision | Greece |
| -- | Crete. |
| 9 (RLIN) | 10074 |
| 700 1# - ADDED ENTRY--PERSONAL NAME | |
| Personal name | Garnett, David, |
| Dates associated with a name | 1892-1981. |
| 9 (RLIN) | 10075 |
| 710 1# - ADDED ENTRY--CORPORATE NAME | |
| Corporate name or jurisdiction name as entry element | Great Britain. |
| Subordinate unit | Ministry of Information. |
| 9 (RLIN) | 10076 |
| 906 ## - LOCAL DATA ELEMENT F, LDF (RLIN) | |
| a | 7 |
| b | cbc |
| c | oclcrpl |
| d | u |
| e | ncip |
| f | 19 |
| g | y-gencatlg |
| 942 ## - ADDED ENTRY ELEMENTS (KOHA) | |
| Source of classification or shelving scheme | Library of Congress Classification |
| Koha item type | Monograph ( Printed materials) |
| Withdrawn status | Lost status | Source of classification or shelving scheme | Damaged status | Not for loan | Collection code | Home library | Current library | Shelving location | Date acquired | Total Checkouts | Full call number | Barcode | Date last seen | Price effective from | Koha item type |
|---|---|---|---|---|---|---|---|---|---|---|---|---|---|---|---|
| Library of Congress Classification | Main Collection | ARRUPE LIBRARY | ARRUPE LIBRARY | Main Collection | 05/05/2014 | D766.3 .G7 1942 | 46500001595 | 07/12/2017 | 05/05/2014 | Monograph ( Printed materials) |